Enciclopedia internacional de las ciencias sociales / (Record no. 144768)

MARC details
000 -LEADER
campo de control de longitud fija 00883nam a2200217 i 4500
001 - NÚMERO DE CONTROL
campo de control 144768
003 - IDENTIFICADOR DE NÚMERO DE CONTROL
campo de control ES-MaACL
005 - FECHA Y HORA DE LA ÚLTIMA TRANSACCIÓN
campo de control 20230906201108.0
007 - CAMPO FIJO DE DESCRIPCIÓN FÍSICA--INFORMACIÓN GENERAL
campo de control de longitud fija t|
008 - DATOS DE LONGITUD FIJA--INFORMACIÓN GENERAL
campo de control de longitud fija 070214m19741977sp re ||||1| spa d
020 ## - NÚMERO INTERNACIONAL ESTÁNDAR DEL LIBRO
Número Internacional Estándar del Libro 84-03-18996-6
080 ## - NÚMERO DE LA CLASIFICACIÓN DECIMAL UNIVERSAL
Número de la Clasificación Decimal Universal 3(03)
245 00 - MENCIÓN DEL TÍTULO
Título Enciclopedia internacional de las ciencias sociales /
Mención de responsabilidad, etc. dirigida por David L. Sills ; edición española, director Vicente Cervera Tomás.
260 ## - PUBLICACIÓN, DISTRIBUCIÓN, ETC.
Lugar de publicación, distribución, etc. Madrid :
Nombre del editor, distribuidor, etc. Aguilar,
Fecha de publicación, distribución, etc. 1974-1977.
300 ## - DESCRIPCIÓN FÍSICA
Extensión 11 v. :
Otras características físicas il. ;
Dimensiones 29 cm.
505 8# - NOTA DE CONTENIDO CON FORMATO
Nota de contenido con formato Contiene: 1. Aben a Bine - 2. Bing a Conf - 3. Conf a Dram - 4. Drog a Fish - 5. Fish a Infe - 6. Infl a Mate - 7. Mate a Pens - 8. Perc a Psic - 9. Psic a Soci - 10. Soci a Zoos - 11. Índice
650 #4 - PUNTO DE ACCESO ADICIONAL DE MATERIA--TÉRMINO DE MATERIA
Término de materia o nombre geográfico como elemento de entrada Ciencias sociales-
Subdivisión de forma Enciclopedias.
9 (RLIN) 170685
700 1# - ENTRADA AGREGADA--NOMBRE PERSONAL
Nombre de persona Sills, David L.
9 (RLIN) 106353
700 1# - ENTRADA AGREGADA--NOMBRE PERSONAL
Nombre de persona Cervera Tomás, Vicente.
9 (RLIN) 37645
852 4# - LOCALIZACIÓN
Ubicación ES-MaACL
Número de control de estantería L-4221-31
Holdings
Estatus retirado Estado de pérdida Estado de daño No para préstamo Colección Biblioteca de origen Biblioteca actual Ubicación en estantería Fecha de adquisición Fuente de adquisición Total de préstamos Signatura topográfica completa Código de barras Visto por última vez Precio de reemplazo Tipo de ítem Koha
        Colección de referencia Biblioteca del Ateneo de Madrid Biblioteca del Ateneo de Madrid Depósito 2 17/01/2008     L-4221-31 1150973 23/02/2023 23/02/2023 Libro impreso